<?xml version="1.0" encoding="UTF-8"?><marc:collection xmlns:marc="http://www.loc.gov/MARC21/slim">
  <marc:record>
    <marc:leader>06468nas a2201033 c 4500</marc:leader>
    <marc:controlfield tag="001">010000445</marc:controlfield>
    <marc:controlfield tag="003">DE-101</marc:controlfield>
    <marc:controlfield tag="005">20251028051830.0</marc:controlfield>
    <marc:controlfield tag="007">tu</marc:controlfield>
    <marc:controlfield tag="008">991118d19472016ne u||p|  ||| 0||||1eng c</marc:controlfield>
    <marc:datafield tag="016" ind1="7" ind2=" ">
      <marc:subfield code="2">DE-600</marc:subfield>
      <marc:subfield code="a">60-7</marc:subfield>
    </marc:datafield>
    <marc:datafield tag="016" ind1="7" ind2=" ">
      <marc:subfield code="2">DE-101</marc:subfield>
      <marc:subfield code="a">010000445</marc:subfield>
    </marc:datafield>
    <marc:datafield tag="022" ind1=" " ind2=" ">
      <marc:subfield code="a">0006-3002</marc:subfield>
    </marc:datafield>
    <marc:datafield tag="030" ind1=" " ind2=" ">
      <marc:subfield code="a">BBACA</marc:subfield>
    </marc:datafield>
    <marc:datafield tag="035" ind1=" " ind2=" ">
      <marc:subfield code="a">(DE-599)ZDB60-7</marc:subfield>
    </marc:datafield>
    <marc:datafield tag="035" ind1=" " ind2=" ">
      <marc:subfield code="a">(OCoLC)1367282490</marc:subfield>
    </marc:datafield>
    <marc:datafield tag="040" ind1=" " ind2=" ">
      <marc:subfield code="a">9001</marc:subfield>
      <marc:subfield code="b">ger</marc:subfield>
      <marc:subfield code="c">DE-101</marc:subfield>
      <marc:subfield code="d">9001</marc:subfield>
    </marc:datafield>
    <marc:datafield tag="041" ind1=" " ind2=" ">
      <marc:subfield code="a">eng</marc:subfield>
    </marc:datafield>
    <marc:datafield tag="042" ind1=" " ind2=" ">
      <marc:subfield code="a">zdb</marc:subfield>
    </marc:datafield>
    <marc:datafield tag="044" ind1=" " ind2=" ">
      <marc:subfield code="c">XA-NL</marc:subfield>
    </marc:datafield>
    <marc:datafield tag="082" ind1="7" ind2="4">
      <marc:subfield code="a">570</marc:subfield>
      <marc:subfield code="a">540</marc:subfield>
      <marc:subfield code="q">DE-600</marc:subfield>
      <marc:subfield code="2">22sdnb</marc:subfield>
    </marc:datafield>
    <marc:datafield tag="084" ind1=" " ind2=" ">
      <marc:subfield code="a">12</marc:subfield>
      <marc:subfield code="2">ssgn</marc:subfield>
    </marc:datafield>
    <marc:datafield tag="084" ind1=" " ind2=" ">
      <marc:subfield code="a">BIODIV</marc:subfield>
      <marc:subfield code="q">DE-30</marc:subfield>
      <marc:subfield code="2">fid</marc:subfield>
    </marc:datafield>
    <marc:datafield tag="084" ind1=" " ind2=" ">
      <marc:subfield code="a">WA 15000</marc:subfield>
      <marc:subfield code="2">rvk</marc:subfield>
    </marc:datafield>
    <marc:datafield tag="210" ind1="0" ind2="0">
      <marc:subfield code="a">Biochim. Biophys. Acta</marc:subfield>
    </marc:datafield>
    <marc:datafield tag="245" ind1="0" ind2="0">
      <marc:subfield code="a">Biochimica et biophysica acta</marc:subfield>
      <marc:subfield code="b">BBA ; international journal of biochemistry, biophysics and molecular biology</marc:subfield>
    </marc:datafield>
    <marc:datafield tag="246" ind1="3" ind2=" ">
      <marc:subfield code="a">BBA</marc:subfield>
    </marc:datafield>
    <marc:datafield tag="246" ind1="3" ind2=" ">
      <marc:subfield code="a">Molecular cell research</marc:subfield>
    </marc:datafield>
    <marc:datafield tag="246" ind1="3" ind2=" ">
      <marc:subfield code="a">Bioenergetics</marc:subfield>
    </marc:datafield>
    <marc:datafield tag="246" ind1="3" ind2=" ">
      <marc:subfield code="a">Reviews on cancer</marc:subfield>
    </marc:datafield>
    <marc:datafield tag="246" ind1="3" ind2=" ">
      <marc:subfield code="a">Biochimica et biophysica acta / General subjects</marc:subfield>
    </marc:datafield>
    <marc:datafield tag="246" ind1="3" ind2=" ">
      <marc:subfield code="a">Lipids and lipid metabolism</marc:subfield>
    </marc:datafield>
    <marc:datafield tag="246" ind1="3" ind2=" ">
      <marc:subfield code="a">Protein structure and molecular enzymology</marc:subfield>
    </marc:datafield>
    <marc:datafield tag="246" ind1="3" ind2=" ">
      <marc:subfield code="a">Gene structure and expression</marc:subfield>
    </marc:datafield>
    <marc:datafield tag="246" ind1="3" ind2=" ">
      <marc:subfield code="a">Proteins and proteomics</marc:subfield>
    </marc:datafield>
    <marc:datafield tag="246" ind1="3" ind2=" ">
      <marc:subfield code="a">Molecular basis of disease</marc:subfield>
    </marc:datafield>
    <marc:datafield tag="246" ind1="3" ind2=" ">
      <marc:subfield code="a">Molecular and cell biology of lipids</marc:subfield>
    </marc:datafield>
    <marc:datafield tag="246" ind1="3" ind2=" ">
      <marc:subfield code="a">Biomembranes</marc:subfield>
    </marc:datafield>
    <marc:datafield tag="246" ind1="3" ind2=" ">
      <marc:subfield code="a">Reviews on biomembranes</marc:subfield>
    </marc:datafield>
    <marc:datafield tag="246" ind1="3" ind2=" ">
      <marc:subfield code="a">Gene regulatory mechanisms</marc:subfield>
    </marc:datafield>
    <marc:datafield tag="264" ind1="3" ind2="1">
      <marc:subfield code="a">Amsterdam [u.a.]</marc:subfield>
      <marc:subfield code="b">Elsevier</marc:subfield>
      <marc:subfield code="c">1947-2016</marc:subfield>
    </marc:datafield>
    <marc:datafield tag="336" ind1=" " ind2=" ">
      <marc:subfield code="a">Text</marc:subfield>
      <marc:subfield code="b">txt</marc:subfield>
      <marc:subfield code="2">rdacontent</marc:subfield>
    </marc:datafield>
    <marc:datafield tag="337" ind1=" " ind2=" ">
      <marc:subfield code="a">ohne Hilfsmittel zu benutzen</marc:subfield>
      <marc:subfield code="b">n</marc:subfield>
      <marc:subfield code="2">rdamedia</marc:subfield>
    </marc:datafield>
    <marc:datafield tag="338" ind1=" " ind2=" ">
      <marc:subfield code="a">Band</marc:subfield>
      <marc:subfield code="b">nc</marc:subfield>
      <marc:subfield code="2">rdacarrier</marc:subfield>
    </marc:datafield>
    <marc:datafield tag="362" ind1="0" ind2=" ">
      <marc:subfield code="a">1.1947 - 1826.2012; Vol. 1827.2013 - 1866.2016</marc:subfield>
    </marc:datafield>
    <marc:datafield tag="363" ind1="0" ind2="0">
      <marc:subfield code="8">1.1\x</marc:subfield>
      <marc:subfield code="a">1</marc:subfield>
      <marc:subfield code="i">1947</marc:subfield>
    </marc:datafield>
    <marc:datafield tag="363" ind1="1" ind2="0">
      <marc:subfield code="8">1.2\x</marc:subfield>
      <marc:subfield code="a">1826</marc:subfield>
      <marc:subfield code="i">2012</marc:subfield>
    </marc:datafield>
    <marc:datafield tag="363" ind1="0" ind2="0">
      <marc:subfield code="8">2.1\x</marc:subfield>
      <marc:subfield code="a">1827</marc:subfield>
      <marc:subfield code="i">2013</marc:subfield>
    </marc:datafield>
    <marc:datafield tag="363" ind1="1" ind2="0">
      <marc:subfield code="8">2.2\x</marc:subfield>
      <marc:subfield code="a">1866</marc:subfield>
      <marc:subfield code="i">2016</marc:subfield>
    </marc:datafield>
    <marc:datafield tag="500" ind1=" " ind2=" ">
      <marc:subfield code="a">Repr.: New York, NY : Johnson</marc:subfield>
    </marc:datafield>
    <marc:datafield tag="501" ind1=" " ind2=" ">
      <marc:subfield code="a">Ab 1990 ersch. die früheren Unterreihen und neuere Sektionen wechselweise in einzelnen Bd.; neue Sektion ab 1990: Molecular basis of disease; ab 1998: Molecular and cell biology of lipids; ab 2002: Proteins and proteomics; Reviews in biomembranes ab 2002 enth. in Biomembranes; neue Sektion ab 2008: Gene regulatory mechanisms</marc:subfield>
    </marc:datafield>
    <marc:datafield tag="515" ind1=" " ind2=" ">
      <marc:subfield code="a">1966 - 1967 auch Issue-Zählung; ab 2013 mit durchgehender Heftzählung, die als Vol. bez. wird; Vol. 1867 – 1876 fälschlich gezählt als Vol. 1858 – 1868</marc:subfield>
    </marc:datafield>
    <marc:datafield tag="550" ind1=" " ind2=" ">
      <marc:subfield code="a">Hrsg. früher: W.T. Astbury</marc:subfield>
    </marc:datafield>
    <marc:datafield tag="555" ind1="8" ind2=" ">
      <marc:subfield code="a">Index 1972/2000(2002) zur Unterreihe "Reviews on biomembranes" in: 1516.2002,1; 51/100.1961/65 -</marc:subfield>
    </marc:datafield>
    <marc:datafield tag="591" ind1=" " ind2=" ">
      <marc:subfield code="a">Autopsie(keine 4245)Kopie bei 282711;s.Abl.</marc:subfield>
    </marc:datafield>
    <marc:datafield tag="650" ind1=" " ind2="7">
      <marc:subfield code="0">(DE-588)4006891-2</marc:subfield>
      <marc:subfield code="0">https://d-nb.info/gnd/4006891-2</marc:subfield>
      <marc:subfield code="0">(DE-101)040068919</marc:subfield>
      <marc:subfield code="a">Biophysik</marc:subfield>
      <marc:subfield code="9">rswk-swf</marc:subfield>
      <marc:subfield code="2">gnd</marc:subfield>
    </marc:datafield>
    <marc:datafield tag="650" ind1=" " ind2="7">
      <marc:subfield code="0">(DE-588)4006777-4</marc:subfield>
      <marc:subfield code="0">https://d-nb.info/gnd/4006777-4</marc:subfield>
      <marc:subfield code="0">(DE-101)040067777</marc:subfield>
      <marc:subfield code="a">Biochemie</marc:subfield>
      <marc:subfield code="9">rswk-swf</marc:subfield>
      <marc:subfield code="2">gnd</marc:subfield>
    </marc:datafield>
    <marc:datafield tag="655" ind1=" " ind2="7">
      <marc:subfield code="0">(DE-588)4067488-5</marc:subfield>
      <marc:subfield code="0">https://d-nb.info/gnd/4067488-5</marc:subfield>
      <marc:subfield code="0">(DE-101)040674886</marc:subfield>
      <marc:subfield code="a">Zeitschrift</marc:subfield>
      <marc:subfield code="2">gnd-content</marc:subfield>
    </marc:datafield>
    <marc:datafield tag="689" ind1="0" ind2="0">
      <marc:subfield code="0">(DE-588)4006891-2</marc:subfield>
      <marc:subfield code="0">https://d-nb.info/gnd/4006891-2</marc:subfield>
      <marc:subfield code="0">(DE-101)040068919</marc:subfield>
      <marc:subfield code="D">s</marc:subfield>
      <marc:subfield code="a">Biophysik</marc:subfield>
    </marc:datafield>
    <marc:datafield tag="689" ind1="0" ind2=" ">
      <marc:subfield code="5">DE-600</marc:subfield>
      <marc:subfield code="5">DE-600</marc:subfield>
    </marc:datafield>
    <marc:datafield tag="689" ind1="1" ind2="0">
      <marc:subfield code="0">(DE-588)4006777-4</marc:subfield>
      <marc:subfield code="0">https://d-nb.info/gnd/4006777-4</marc:subfield>
      <marc:subfield code="0">(DE-101)040067777</marc:subfield>
      <marc:subfield code="D">s</marc:subfield>
      <marc:subfield code="a">Biochemie</marc:subfield>
    </marc:datafield>
    <marc:datafield tag="689" ind1="1" ind2=" ">
      <marc:subfield code="5">DE-600</marc:subfield>
      <marc:subfield code="5">DE-600</marc:subfield>
    </marc:datafield>
    <marc:datafield tag="776" ind1="0" ind2="8">
      <marc:subfield code="i">Erscheint auch als</marc:subfield>
      <marc:subfield code="n">CD-ROM-Ausgabe</marc:subfield>
      <marc:subfield code="t">BBA on CD-ROM</marc:subfield>
      <marc:subfield code="d">Amsterdam [u.a.] : Elsevier, 1995-</marc:subfield>
      <marc:subfield code="h">CD-ROMs</marc:subfield>
      <marc:subfield code="x">1382-6603</marc:subfield>
      <marc:subfield code="w">(DE-600)1434539-0</marc:subfield>
      <marc:subfield code="w">(DE-101)019286295</marc:subfield>
    </marc:datafield>
    <marc:datafield tag="776" ind1="0" ind2="8">
      <marc:subfield code="i">Erscheint auch als</marc:subfield>
      <marc:subfield code="n">Online-Ausgabe</marc:subfield>
      <marc:subfield code="t">Biochimica et biophysica acta</marc:subfield>
      <marc:subfield code="d">Amsterdam [u.a.] : Elsevier, 1947-2016</marc:subfield>
      <marc:subfield code="h">Online-Ressource</marc:subfield>
      <marc:subfield code="x">1878-2434</marc:subfield>
      <marc:subfield code="w">(DE-600)1460387-1</marc:subfield>
      <marc:subfield code="w">(DE-101)019537700</marc:subfield>
    </marc:datafield>
    <marc:datafield tag="780" ind1="0" ind2="5">
      <marc:subfield code="i">Darin aufgegangen</marc:subfield>
      <marc:subfield code="t">Bioenergetics</marc:subfield>
      <marc:subfield code="d">Amsterdam : Elsevier, 1967-1989</marc:subfield>
      <marc:subfield code="x">0005-2728</marc:subfield>
      <marc:subfield code="w">(DE-600)282711-6</marc:subfield>
      <marc:subfield code="w">(DE-101)011759976</marc:subfield>
    </marc:datafield>
    <marc:datafield tag="780" ind1="0" ind2="5">
      <marc:subfield code="i">Darin aufgegangen</marc:subfield>
      <marc:subfield code="t">Molecular cell research</marc:subfield>
      <marc:subfield code="d">Amsterdam [u.a.] : Elsevier, 1982-1989</marc:subfield>
      <marc:subfield code="x">0167-4889</marc:subfield>
      <marc:subfield code="w">(DE-600)283444-3</marc:subfield>
      <marc:subfield code="w">(DE-101)011764309</marc:subfield>
    </marc:datafield>
    <marc:datafield tag="780" ind1="0" ind2="5">
      <marc:subfield code="i">Darin aufgegangen</marc:subfield>
      <marc:subfield code="t">Reviews on cancer</marc:subfield>
      <marc:subfield code="d">Amsterdam : Elsevier, 1974-1989</marc:subfield>
      <marc:subfield code="x">0304-419X</marc:subfield>
      <marc:subfield code="w">(DE-600)192424-2</marc:subfield>
      <marc:subfield code="w">(DE-101)011070188</marc:subfield>
    </marc:datafield>
    <marc:datafield tag="780" ind1="0" ind2="5">
      <marc:subfield code="i">Darin aufgegangen</marc:subfield>
      <marc:subfield code="t">Biochimica et biophysica acta / General subjects</marc:subfield>
      <marc:subfield code="d">Amsterdam [u.a.] : Elsevier, 1961-1989</marc:subfield>
      <marc:subfield code="x">0304-4165</marc:subfield>
      <marc:subfield code="w">(DE-600)840755-1</marc:subfield>
      <marc:subfield code="w">(DE-101)014524791</marc:subfield>
    </marc:datafield>
    <marc:datafield tag="780" ind1="0" ind2="5">
      <marc:subfield code="i">Darin aufgegangen</marc:subfield>
      <marc:subfield code="t">Lipids and lipid metabolism</marc:subfield>
      <marc:subfield code="d">Amsterdam : Elsevier, 1965-1989</marc:subfield>
      <marc:subfield code="x">0005-2760</marc:subfield>
      <marc:subfield code="w">(DE-600)282393-7</marc:subfield>
      <marc:subfield code="w">(DE-101)011757876</marc:subfield>
    </marc:datafield>
    <marc:datafield tag="780" ind1="0" ind2="5">
      <marc:subfield code="i">Darin aufgegangen</marc:subfield>
      <marc:subfield code="t">Biomembranes</marc:subfield>
      <marc:subfield code="d">Amsterdam : Elsevier, 1967-1989</marc:subfield>
      <marc:subfield code="x">0005-2728</marc:subfield>
      <marc:subfield code="w">(DE-600)282512-0</marc:subfield>
      <marc:subfield code="w">(DE-101)011758775</marc:subfield>
    </marc:datafield>
    <marc:datafield tag="780" ind1="0" ind2="5">
      <marc:subfield code="i">Darin aufgegangen</marc:subfield>
      <marc:subfield code="t">Reviews on biomembranes</marc:subfield>
      <marc:subfield code="d">Amsterdam : Elsevier, 1972-1989</marc:subfield>
      <marc:subfield code="x">0304-4157</marc:subfield>
      <marc:subfield code="w">(DE-600)195188-9</marc:subfield>
      <marc:subfield code="w">(DE-101)011095032</marc:subfield>
    </marc:datafield>
    <marc:datafield tag="780" ind1="0" ind2="5">
      <marc:subfield code="i">Darin aufgegangen</marc:subfield>
      <marc:subfield code="t">Protein structure and molecular enzymology</marc:subfield>
      <marc:subfield code="d">Amsterdam [u.a.] : [Verlag nicht ermittelbar], 1982-1989</marc:subfield>
      <marc:subfield code="x">0167-4838</marc:subfield>
      <marc:subfield code="w">(DE-600)283435-2</marc:subfield>
      <marc:subfield code="w">(DE-101)011764252</marc:subfield>
    </marc:datafield>
    <marc:datafield tag="780" ind1="0" ind2="5">
      <marc:subfield code="i">Darin aufgegangen</marc:subfield>
      <marc:subfield code="t">Gene structure and expression</marc:subfield>
      <marc:subfield code="d">Amsterdam [u.a.] : Elsevier, 1982-1989</marc:subfield>
      <marc:subfield code="x">0167-4781</marc:subfield>
      <marc:subfield code="w">(DE-600)283437-6</marc:subfield>
      <marc:subfield code="w">(DE-101)011764260</marc:subfield>
    </marc:datafield>
    <marc:datafield tag="785" ind1="0" ind2="6">
      <marc:subfield code="i">Gesplittet in</marc:subfield>
      <marc:subfield code="t">Biochimica et biophysica acta. Reviews on cancer</marc:subfield>
      <marc:subfield code="d">Amsterdam : Elsevier, 2017-</marc:subfield>
      <marc:subfield code="x">0304-419X</marc:subfield>
      <marc:subfield code="w">(DE-600)2918802-7</marc:subfield>
      <marc:subfield code="w">(DE-101)1151740640</marc:subfield>
    </marc:datafield>
    <marc:datafield tag="785" ind1="0" ind2="6">
      <marc:subfield code="i">Gesplittet in</marc:subfield>
      <marc:subfield code="t">Biochimica et biophysica acta. General subjects</marc:subfield>
      <marc:subfield code="d">Amsterdam : Elsevier, 2017-</marc:subfield>
      <marc:subfield code="x">0304-4165</marc:subfield>
      <marc:subfield code="w">(DE-600)2918788-6</marc:subfield>
      <marc:subfield code="w">(DE-101)1151739790</marc:subfield>
    </marc:datafield>
    <marc:datafield tag="785" ind1="0" ind2="6">
      <marc:subfield code="i">Gesplittet in</marc:subfield>
      <marc:subfield code="t">Biochimica et biophysica acta. Molecular cell research</marc:subfield>
      <marc:subfield code="d">Amsterdam : Elsevier, 2017-</marc:subfield>
      <marc:subfield code="x">0167-4889</marc:subfield>
      <marc:subfield code="w">(DE-600)2918797-7</marc:subfield>
      <marc:subfield code="w">(DE-101)1151740233</marc:subfield>
    </marc:datafield>
    <marc:datafield tag="785" ind1="0" ind2="6">
      <marc:subfield code="i">Gesplittet in</marc:subfield>
      <marc:subfield code="t">Biochimica et biophysica acta. Biomembranes</marc:subfield>
      <marc:subfield code="d">Amsterdam : Elsevier, 2017-</marc:subfield>
      <marc:subfield code="x">0005-2736</marc:subfield>
      <marc:subfield code="w">(DE-600)2918784-9</marc:subfield>
      <marc:subfield code="w">(DE-101)1151739413</marc:subfield>
    </marc:datafield>
    <marc:datafield tag="785" ind1="0" ind2="6">
      <marc:subfield code="i">Gesplittet in</marc:subfield>
      <marc:subfield code="t">Biochimica et biophysica acta. Bioenergetics</marc:subfield>
      <marc:subfield code="d">Amsterdam : Elsevier, 2017-</marc:subfield>
      <marc:subfield code="x">0005-2728</marc:subfield>
      <marc:subfield code="w">(DE-600)2918782-5</marc:subfield>
      <marc:subfield code="w">(DE-101)1151738875</marc:subfield>
    </marc:datafield>
    <marc:datafield tag="785" ind1="0" ind2="6">
      <marc:subfield code="i">Gesplittet in</marc:subfield>
      <marc:subfield code="t">Biochimica et biophysica acta. Proteins and proteomics</marc:subfield>
      <marc:subfield code="d">Amsterdam : Elsevier, 2017-</marc:subfield>
      <marc:subfield code="x">1570-9639</marc:subfield>
      <marc:subfield code="w">(DE-600)2918798-9</marc:subfield>
      <marc:subfield code="w">(DE-101)1151740357</marc:subfield>
    </marc:datafield>
    <marc:datafield tag="785" ind1="0" ind2="6">
      <marc:subfield code="i">Gesplittet in</marc:subfield>
      <marc:subfield code="t">Biochimica et biophysica acta. Gene regulatory mechanisms</marc:subfield>
      <marc:subfield code="d">Amsterdam : Elsevier, 2017-</marc:subfield>
      <marc:subfield code="x">1874-9399</marc:subfield>
      <marc:subfield code="w">(DE-600)2918786-2</marc:subfield>
      <marc:subfield code="w">(DE-101)115173960X</marc:subfield>
    </marc:datafield>
    <marc:datafield tag="785" ind1="0" ind2="6">
      <marc:subfield code="i">Gesplittet in</marc:subfield>
      <marc:subfield code="t">Biochimica et biophysica acta. Molecular and cell biology of lipids</marc:subfield>
      <marc:subfield code="d">Amsterdam : Elsevier, 2017-</marc:subfield>
      <marc:subfield code="x">1388-1981</marc:subfield>
      <marc:subfield code="w">(DE-600)2918791-6</marc:subfield>
      <marc:subfield code="w">(DE-101)1151739944</marc:subfield>
    </marc:datafield>
    <marc:datafield tag="785" ind1="0" ind2="6">
      <marc:subfield code="i">Gesplittet in</marc:subfield>
      <marc:subfield code="t">Biochimica et biophysica acta. Molecular basis of disease</marc:subfield>
      <marc:subfield code="d">Amsterdam : Elsevier, 2017-</marc:subfield>
      <marc:subfield code="x">0925-4439</marc:subfield>
      <marc:subfield code="w">(DE-600)2918794-1</marc:subfield>
      <marc:subfield code="w">(DE-101)1151740071</marc:subfield>
    </marc:datafield>
    <marc:datafield tag="850" ind1=" " ind2=" ">
      <marc:subfield code="a">DE-101a</marc:subfield>
    </marc:datafield>
    <marc:datafield tag="889" ind1=" " ind2=" ">
      <marc:subfield code="w">(DE-600)2879088-1</marc:subfield>
    </marc:datafield>
    <marc:datafield tag="889" ind1=" " ind2=" ">
      <marc:subfield code="w">(DE-600)2879103-4</marc:subfield>
    </marc:datafield>
    <marc:datafield tag="889" ind1=" " ind2=" ">
      <marc:subfield code="w">(DE-600)2879107-1</marc:subfield>
    </marc:datafield>
    <marc:datafield tag="889" ind1=" " ind2=" ">
      <marc:subfield code="w">(DE-600)2879112-5</marc:subfield>
    </marc:datafield>
    <marc:datafield tag="889" ind1=" " ind2=" ">
      <marc:subfield code="w">(DE-600)2879117-4</marc:subfield>
    </marc:datafield>
    <marc:datafield tag="889" ind1=" " ind2=" ">
      <marc:subfield code="w">(DE-600)2879120-4</marc:subfield>
    </marc:datafield>
  </marc:record>
</marc:collection>
